Can You Name All former British Colonies - Statistics

General Stats
  • This quiz has been taken 10 times
  • The average score is 45 of 67
Answer Stats
Answer % Correct
Nauru Oceania
90%
Nigeria Africa
90%
Australia Oceania
80%
Bangladesh Asia
80%
Barbados North America
80%
Belize North America
80%
Botswana Africa
80%
Canada North America
80%
Cyprus Asia
80%
Cyprus Asia/Europe
80%
Egypt Africa
80%
Eswatini Africa
80%
Guyana South America
80%
India Asia
80%
Ireland Europe
80%
Lesotho Africa
80%
New Zealand Oceania
80%
Pakistan Asia
80%
Saint Lucia North America
80%
South Africa Africa
80%
South Sudan Africa
80%
Sudan Africa
80%
Trinidad and Tobago North America
80%
Tuvalu Oceania
80%
USA North America
80%
Antigua and Barbuda North America
70%
Bahamas North America
70%
Fiji Oceania
70%
Gambia Africa
70%
Jamaica North America
70%
Maldives Asia
70%
Malta Europe
70%
Papua New Guinea Oceania
70%
Saint Kitts and Nevis North America
70%
Saint Vincent and the Grenadines North America
70%
Solomon Islands Oceania
70%
SriLanka Asia
70%
UAE Asia
70%
Bahrain Asia
60%
Brunei Asia
60%
Dominica North America
60%
Grenada North America
60%
Iraq Asia
60%
Kenya Africa
60%
Kuwait Asia
60%
Malaysia Asia
60%
Oman Asia
60%
Samoa Oceania
60%
Sierra Leone Africa
60%
Singapore Asia
60%
Somalia Africa
60%
Tanzania Africa
60%
Tonga Oceania
60%
Vanuatu Oceania
60%
Yemen Asia
60%
Zimbabwe Africa
60%
Ghana Africa
50%
Kiribati Oceania
50%
Malawi Africa
50%
Mauritius Africa
50%
Myanmar Asia
50%
Namibia Africa
50%
Seychelles Africa
50%
Zambia Africa
50%
Qatar Asia
40%
Uganda Africa
40%
Cameroon Africa
30%
No matching quizzes found
Score Distribution
Percent of People with Each Score
Percentile by Number Answered
Your Score History
You have not taken this quiz